| 000 | 00796nam a2200169 i 4500 | ||
|---|---|---|---|
| 001 | 154287 | ||
| 003 | ES-MaACL | ||
| 005 | 20230906205611.0 | ||
| 008 | 040730q18821900xxka |||| | eng d | ||
| 040 |
_aCAM _bspa _cCAM |
||
| 245 | 0 | 0 |
_aGeorge Jennings, hydraulic and sanitary engineer patentee and manufacturer of improved sanitary appliances adapted for buildings of all classes, public and private ... _b: show-rooms and works Palace Wharf, Stangate, London, S.E. |
| 260 |
_aLondon : _b[s.n., _cs.a.] ( _fPhoto-Litho Sprage & cº) |
||
| 300 |
_a[4], 76, [2] p. : _bil. ; _c19 cm. |
||
| 596 | _aProbablemente fechado entre 1882 y 1900. | ||
| 650 | 4 |
_aFontanería- _vCatálogos. _9136135 |
|
| 852 |
_aES-MaACL _jT-587-F-6 _z-- Enc. hol. conservando la cub. original _z-- Enc. en un vol. facticio |
||
| 999 |
_c154287 _d154287 |
||